LEADER 01156nam0 22002653i 450 001 VAN0106207 005 20230726100137.197 020 $aIT$b1952 2117 100 $a20160801d1951 |0itac50 ba 101 $aita 102 $aIT 105 $a|||| ||||| 200 1 $aContributi alla teoria dei iudicia contraria$fGiuseppe Provera 210 $aTorino$cG. Giappichelli$d stampa 1951 215 $aVIII, 134 p.$d25 cm 410 1$1001VAN0043550$12001 $aMemorie dell'Istituto giuridico. Ser. 2$fUniversità di Torino$1210 $a Torino$cpresso l'Istituto giuridico della R. Università$c[poi] Giappichelli.$v75 620 $dTorino$3VANL000001 700 1$aProvera$bGiuseppe$3VANV004746$0229685 712 $aGiappichelli $3VANV107921$4650 801 $aIT$bSOL$c20230728$gRICA 899 $aBIBLIOTECA DEL DIPARTIMENTO DI GIURISPRUDENZA$1IT-CE0105$2VAN00 912 $aVAN0106207 950 $aBIBLIOTECA DEL DIPARTIMENTO DI GIURISPRUDENZA$d00CONS BL.900M.872 75 $e00BL 6073 SLP 20160801 Biblioteca Lauria 996 $aContributi alla teoria dei Iudicia contraria$9803283 997 $aUNICAMPANIA